[Event "Milan SSM July"]
[Site "Milan"]
[Date "2015.07.05"]
[Round "5"]
[White "Moreschi, Mauro"]
[Black "Carli, Federico"]
[Result "1-0"]
[WhiteElo "1825"]
[BlackElo "1677"]
[PlyCount "79"]
[EventDate "2015.07.02"]
[EventType "swiss"]
[EventRounds "5"]
[EventCountry "ITA"]
[SourceTitle "EXT 2024"]
[Source "ChessBase"]
[SourceDate "2023.10.10"]
[SourceVersion "1"]
[SourceVersionDate "2023.10.10"]
[SourceQuality "1"]

1. e4 g6 2. d4 Bg7 3. Nc3 c6 4. Be3 Qc7 5. Qd2 d6 6. 0-0-0 Nf6 7. Be2 0-0 8. Bh6 Nbd7 9. h4 e5 10. Bxg7 Kxg7 11. h5 exd4 12. Qxd4 Ne5 13. h6+ Kg8 14. Qxd6 Qxd6 15. Rxd6 Neg4 16. Bxg4 Nxg4 17. f3 Ne3 18. Rh2 Be6 19. b3 Rfd8 20. Rxd8+ Rxd8 21. Nge2 f5 22. e5 Bd5 23. Nf4 Kf7 24. Ncxd5 Nxd5 25. Nxd5 Rxd5 26. f4 Rd4 27. g3 g5 28. Rh5 gxf4 29. Rxf5+ Ke6 30. Rxf4 Kxe5 31. Rf7 Rg4 32. Rxh7 Rxg3 33. Rxb7 Rh3 34. Rxa7 Rxh6 35. Kb2 Kd5 36. Ra5+ Kd4 37. Ra4+ Ke3 38. Rc4 Kd2 39. a4 Ke3 40. Ka3 1-0

[Event "Milan Crespi op-C 35th"]
[Site "Milan"]
[Date "2014.12.05"]
[Round "2"]
[White "Moreschi, Mauro"]
[Black "Monticone, Sonia"]
[Result "1-0"]
[WhiteElo "1795"]
[BlackElo "1902"]
[PlyCount "43"]
[EventDate "2014.12.04"]
[EventType "swiss"]
[EventRounds "7"]
[EventCountry "ITA"]
[SourceTitle "EXT 2017"]
[Source "ChessBase"]
[SourceDate "2016.10.25"]
[SourceVersion "1"]
[SourceVersionDate "2016.10.25"]
[SourceQuality "1"]

1. e4 c5 2. Nf3 e6 3. e5 d6 4. Bb5+ Bd7 5. Bxd7+ Qxd7 6. exd6 Bxd6 7. d4 cxd4 8. Qxd4 Nf6 9. 0-0 Nc6 10. Qa4 Qc7 11. Nc3 Qb6 12. Qb5 Qxb5 13. Nxb5 Bb8 14. Be3 a6 15. Nbd4 Ng4 16. Nxc6 Nxe3 17. fxe3 bxc6 18. Rad1 Ke7 19. Rd3 Ba7 20. Ne5 Rhd8 21. Rxf7+ Ke8 22. Rxg7 1-0

[Event "Milan Molinari Memorial 5th"]
[Site "Milan"]
[Date "2011.10.30"]
[Round "3"]
[White "Moreschi, Mauro"]
[Black "Arboscelli, Gregorio"]
[Result "0-1"]
[WhiteElo "1861"]
[BlackElo "1907"]
[PlyCount "50"]
[EventDate "2011.10.28"]
[EventType "swiss"]
[EventRounds "6"]
[EventCountry "ITA"]
[SourceTitle "EXT 2014"]
[Source "ChessBase"]
[SourceDate "2013.11.20"]
[SourceVersion "1"]
[SourceVersionDate "2013.11.20"]
[SourceQuality "1"]

1. e4 e5 2. Nc3 Nc6 3. g3 Bc5 4. Bg2 Nf6 5. Nge2 0-0 6. 0-0 d6 7. h3 a6 8. d3 h6 9. Kh2 Be6 10. f4 Nd4 11. fxe5 dxe5 12. Bd2 Kh7 13. g4 Nxg4+ 14. Kg3 Nf6 15. Ng1 c6 16. Nf3 Bd6 17. Ne2 Nh5+ 18. Kh2 Nxf3+ 19. Rxf3 f5 20. Qg1 f4 21. d4 g5 22. dxe5 Bxe5 23. Rd3 f3+ 24. Nf4 Qc7 25. Bxf3 Nxf4 0-1

[Event "Milan Molinari Memorial 5th"]
[Site "Milan"]
[Date "2011.10.29"]
[Round "2"]
[White "Cerioni, Armando"]
[Black "Moreschi, Mauro"]
[Result "1-0"]
[WhiteElo "1958"]
[BlackElo "1861"]
[PlyCount "43"]
[EventDate "2011.10.28"]
[EventType "swiss"]
[EventRounds "6"]
[EventCountry "ITA"]
[SourceTitle "EXT 2014"]
[Source "ChessBase"]
[SourceDate "2013.11.20"]
[SourceVersion "1"]
[SourceVersionDate "2013.11.20"]
[SourceQuality "1"]

1. d4 b5 2. e4 Bb7 3. Bxb5 Bxe4 4. Nf3 e6 5. 0-0 Nf6 6. Nc3 Bb7 7. Re1 Bb4 8. Bg5 Bxc3 9. bxc3 h6 10. Bc1 0-0 11. Ne5 d6 12. Ng4 Nxg4 13. Qxg4 Qf6 14. Bd3 Ba6 15. c4 Bb7 16. Re3 Rd8 17. Bd2 Nd7 18. Rae1 c5 19. c3 cxd4 20. cxd4 Nf8 21. Rh3 Kh8 22. Bg5 1-0

[Event "Milan Repubblica op"]
[Site "Milan"]
[Date "2011.06.05"]
[Round "6"]
[White "Bisignano, Giuseppe"]
[Black "Moreschi, Mauro"]
[Result "1-0"]
[WhiteElo "1930"]
[BlackElo "1889"]
[PlyCount "79"]
[EventDate "2011.06.05"]
[EventType "swiss"]
[EventRounds "7"]
[EventCountry "ITA"]
[SourceTitle "EXT 2023"]
[Source "ChessBase"]
[SourceDate "2022.10.05"]
[SourceVersion "1"]
[SourceVersionDate "2022.10.05"]
[SourceQuality "1"]

1. e4 d5 2. exd5 Qxd5 3. Nc3 Qa5 4. d4 Nf6 5. Nf3 c6 6. Bc4 e6 7. 0-0 Bd6 8. Re1 0-0 9. Bg5 Nbd7 10. Qe2 b5 11. Bd3 Bb7 12. Bxf6 Nxf6 13. Ne4 Be7 14. Ne5 Qc7 15. Nxf6+ Bxf6 16. Qe4 g6 17. h4 Bxe5 18. dxe5 c5 19. Qf4 c4 20. Be4 f5 21. Bxb7 Qxb7 22. Rad1 Qe7 23. Rd6 Rad8 24. Red1 Rxd6 25. exd6 Qd7 26. Qe5 Rd8 27. Qf6 Rf8 28. Qg5 Kf7 29. h5 gxh5 30. Qxh5+ Kg8 31. Rd4 Rf7 32. Qg5+ Rg7 33. Qd2 Kf8 34. Qa5 Ke8 35. a4 bxa4 36. Qe5 Rg4 37. Qh8+ Kf7 38. Qxh7+ Ke8 39. Qh8+ Kf7 40. Rxg4 1-0

[Event "Milan Repubblica op"]
[Site "Milan"]
[Date "2011.06.04"]
[Round "5"]
[White "Moreschi, Mauro"]
[Black "Gonella, Daniele"]
[Result "0-1"]
[WhiteElo "1889"]
[BlackElo "2022"]
[PlyCount "114"]
[EventDate "2011.06.05"]
[EventType "swiss"]
[EventRounds "7"]
[EventCountry "ITA"]
[SourceTitle "EXT 2023"]
[Source "ChessBase"]
[SourceDate "2022.10.05"]
[SourceVersion "1"]
[SourceVersionDate "2022.10.05"]
[SourceQuality "1"]

1. e4 e5 2. Nc3 Nc6 3. g3 Nf6 4. Bg2 d6 5. Nge2 g6 6. d3 Bg7 7. Bg5 h6 8. Bxf6 Bxf6 9. Nd5 Bg7 10. c3 Ne7 11. Ne3 Be6 12. f4 c6 13. Qd2 d5 14. fxe5 dxe4 15. d4 Qb6 16. Bxe4 0-0-0 17. Nf4 c5 18. Nxe6 Qxe6 19. Qg2 cxd4 20. Bxb7+ Kb8 21. Ba8 Qa6 22. Ng4 Kc7 23. Bf3 h5 24. Nf6 Bxf6 25. exf6 Qe6+ 26. Qe2 Qxe2+ 27. Kxe2 Nf5 28. Rhe1 dxc3 29. bxc3 Rhe8+ 30. Kf2 Rd2+ 31. Re2 Rexe2+ 32. Bxe2 Rc2 33. c4 Nd4 34. Re1 Rxa2 35. Kf1 Nxe2 36. Rxe2 Rxe2 37. Kxe2 a5 38. Kd3 Kc6 39. Kc3 Kc5 40. Kb3 g5 41. Ka4 Kxc4 42. Kxa5 g4 43. Kb6 Kd5 44. Kb5 Ke5 45. Kc5 Kxf6 46. Kd6 Kg5 47. Kd5 h4 48. gxh4+ Kxh4 49. Ke4 Kg5 50. Ke3 f5 51. Ke2 f4 52. Kf2 Kf5 53. Ke2 Ke4 54. Kf2 f3 55. Kf1 Ke3 56. Ke1 f2+ 57. Kf1 Kf3 0-1

[Event "Milan Repubblica op"]
[Site "Milan"]
[Date "2011.06.02"]
[Round "2"]
[White "Nepi, Ezio"]
[Black "Moreschi, Mauro"]
[Result "1-0"]
[WhiteElo "1924"]
[BlackElo "1889"]
[PlyCount "51"]
[EventDate "2011.06.05"]
[EventType "swiss"]
[EventRounds "7"]
[EventCountry "ITA"]
[SourceTitle "EXT 2023"]
[Source "ChessBase"]
[SourceDate "2022.10.05"]
[SourceVersion "1"]
[SourceVersionDate "2022.10.05"]
[SourceQuality "1"]

1. d4 b5 2. e4 Bb7 3. Nd2 a6 4. Bd3 e6 5. Ngf3 c5 6. c3 c4 7. Bc2 d6 8. Qe2 Be7 9. 0-0 Nd7 10. Re1 Qc7 11. Nf1 e5 12. Ne3 Bf6 13. Nd5 Bxd5 14. exd5 Ne7 15. dxe5 Nxe5 16. Nxe5 Bxe5 17. Bg5 f6 18. Bh4 Nxd5 19. Qe4 Qc6 20. f4 Kf7 21. fxe5 dxe5 22. Qf3 Qe6 23. Bf5 Qb6+ 24. Bf2 Qd6 25. Rad1 Rad8 26. Be4 1-0

[Event "Milan Repubblica op"]
[Site "Milan"]
[Date "2011.06.01"]
[Round "1"]
[White "Moreschi, Mauro"]
[Black "Pelizzola, Danilo"]
[Result "0-1"]
[WhiteElo "1889"]
[BlackElo "2040"]
[PlyCount "196"]
[EventDate "2011.06.05"]
[EventType "swiss"]
[EventRounds "7"]
[EventCountry "ITA"]
[SourceTitle "EXT 2023"]
[Source "ChessBase"]
[SourceDate "2022.10.05"]
[SourceVersion "1"]
[SourceVersionDate "2022.10.05"]
[SourceQuality "1"]

1. e4 c5 2. Nf3 Nc6 3. Bb5 d6 4. 0-0 Bd7 5. Re1 e5 6. d3 Nf6 7. Nc3 Be7 8. Bg5 h6 9. Bxf6 Bxf6 10. Nd5 g6 11. Nxf6+ Qxf6 12. Re3 0-0 13. Nd2 a6 14. Bxc6 Bxc6 15. Qf3 Qxf3 16. Rxf3 Rad8 17. Re3 f6 18. f3 Rf7 19. Ree1 d5 20. exd5 Bxd5 21. b3 Kg7 22. a4 b6 23. Kf2 Rb7 24. Ne4 Rc7 25. Nd2 Kf7 26. Nc4 Rb8 27. Reb1 Ke6 28. Ke3 f5 29. Kd2 h5 30. Ne3 Ra8 31. c4 Bc6 32. b4 a5 33. b5 Bb7 34. Ke2 Rd8 35. Rf1 Rcd7 36. Rad1 g5 37. g3 f4 38. Nc2 Kf6 39. Ne1 Rd4 40. Nc2 R4d6 41. Ne1 Bc8 42. Rd2 Bf5 43. gxf4 exf4 44. Rf2 Rd4 45. Rf1 g4 46. Rg1 Re8+ 47. Kd1 Rf8 48. h4 g3 49. Rgg2 Rfd8 50. Ke2 R4d6 51. Rg1 Re8+ 52. Kd1 Re3 53. Kc2 Rde6 54. Kd1 Rd6 55. Kc2 Bc8 56. Rf1 Kf5 57. Ng2 Re7 58. Kd1 Bb7 59. Kc2 Rde6 60. d4 cxd4 61. Rxd4 Re2+ 62. Rd2 Rxd2+ 63. Kxd2 Rc7 64. Kd3 Bc8 65. Rc1 Be6 66. Rc3 Ke5 67. Rc1 Bh3 68. Rg1 Rd7+ 69. Kc3 Bxg2 70. Rxg2 Re7 71. c5 bxc5 72. Kc4 Kd6 73. Rd2+ Kc7 74. Kxc5 Re5+ 75. Kd4 Re3 76. Rc2+ Kb7 77. Rc5 Rxf3 78. Rg5 Rf2 79. Kc5 Rc2+ 80. Kd4 g2 81. Rg7+ Kb6 82. Rg6+ Kc7 83. Rg7+ Kd6 84. Rg6+ Ke7 85. b6 f3 86. b7 Rb2 87. Ke3 Rxb7 88. Kxf3 Rb4 89. Rxg2 Rxa4 90. Rg5 Ra1 91. Rxh5 Kf6 92. Rb5 a4 93. Ra5 a3 94. Ke2 a2 95. Kd2 Rh1 96. Ra6+ Ke5 97. Ra5+ Kd4 98. Ra4+ Kc5 0-1

[Event "Bergamo op 09th"]
[Site "Bergamo"]
[Date "2010.07.16"]
[Round "2"]
[White "Mattsson, Michael"]
[Black "Moreschi, Mauro"]
[Result "1-0"]
[WhiteElo "2086"]
[BlackElo "1907"]
[PlyCount "31"]
[EventDate "2010.07.16"]
[EventType "swiss"]
[EventRounds "6"]
[EventCountry "ITA"]
[SourceTitle "EXT 2024"]
[Source "ChessBase"]
[SourceDate "2023.10.10"]
[SourceVersion "1"]
[SourceVersionDate "2023.10.10"]
[SourceQuality "1"]

1. e4 d5 2. exd5 Qxd5 3. Nc3 Qa5 4. d4 Nf6 5. Nf3 Bg4 6. h3 Bh5 7. g4 Bg6 8. Ne5 Nbd7 9. Nc4 Qa6 10. Bf4 Qe6+ 11. Ne3 Nb6 12. Bxc7 Rc8 13. d5 Nbxd5 14. Bb5+ Nd7 15. Ncxd5 Be4 16. Nf4 1-0

[Event "Bergamo op 09th"]
[Site "Bergamo"]
[Date "2010.07.16"]
[Round "5"]
[White "Moreschi, Mauro"]
[Black "Regorda, Massimiliano"]
[Result "1-0"]
[WhiteElo "1907"]
[BlackElo "1897"]
[PlyCount "115"]
[EventDate "2010.07.16"]
[EventType "swiss"]
[EventRounds "6"]
[EventCountry "ITA"]
[SourceTitle "EXT 2024"]
[Source "ChessBase"]
[SourceDate "2023.10.10"]
[SourceVersion "1"]
[SourceVersionDate "2023.10.10"]
[SourceQuality "1"]

1. e4 d5 2. Nc3 d4 3. Nce2 e5 4. Ng3 Bd6 5. Bc4 Nf6 6. Nf3 Nc6 7. d3 Bb4+ 8. Bd2 Bxd2+ 9. Qxd2 h6 10. h3 Qe7 11. a3 a6 12. b4 Be6 13. Bxe6 Qxe6 14. Nf5 0-0 15. g4 Ne7 16. Rg1 Ng6 17. g5 hxg5 18. Rxg5 Ne8 19. h4 Nf4 20. N3xd4 Qd7 21. Ne2 f6 22. Rg4 Ne6 23. Qh6 Ng5 24. Qh5 Nf3+ 25. Kd1 g5 26. Rg3 Nxh4 27. Qxh4 Nd6 28. Nxd6 Qxd6 29. Qh5 Kg7 30. Qg4 a5 31. bxa5 Rxa5 32. Rh3 Rxa3 33. Rxa3 Qxa3 34. Qf5 Qa1+ 35. Kd2 Qa5+ 36. Nc3 Rf7 37. Qc8 Kg6 38. Qf5+ Kg7 39. Qc8 Kg6 40. Qxb7 Qc5 41. Rf3 g4 42. Rf5 g3 43. fxg3 Rh7 44. Qb3 Kg7 45. Rf3 Rh2+ 46. Ne2 Qa5+ 47. c3 Qa1 48. Qd1 Qb2+ 49. Ke3 Qb6+ 50. d4 c5 51. dxe5 f5 52. exf5 Qc7 53. Qd6 Qa7 54. f6+ Kg6 55. f7+ Kg5 56. Qf6+ Kh5 57. Nf4+ Kg4 58. Qg6# 1-0

[Event "Martesana-ch"]
[Site "Cologno Monzese"]
[Date "2010.05.25"]
[Round "2"]
[White "Moreschi, Mauro"]
[Black "Galli, Giuliano"]
[Result "1-0"]
[WhiteElo "1917"]
[BlackElo "1627"]
[PlyCount "51"]
[EventDate "2010.05.21"]
[EventType "swiss"]
[EventRounds "7"]
[EventCountry "ITA"]
[SourceTitle "EXT 2024"]
[Source "ChessBase"]
[SourceDate "2023.10.10"]
[SourceVersion "1"]
[SourceVersionDate "2023.10.10"]
[SourceQuality "1"]

1. e4 c5 2. Nf3 d6 3. Bb5+ Bd7 4. Bxd7+ Nxd7 5. 0-0 Ngf6 6. Re1 g6 7. b3 Bg7 8. Bb2 0-0 9. c4 Qc7 10. Nc3 a6 11. Qc2 e6 12. Ne2 e5 13. Ng3 Rfe8 14. d3 Bh6 15. Bc1 Bxc1 16. Qxc1 Kg7 17. Qg5 h6 18. Nf5+ Kg8 19. Nxh6+ Kf8 20. Re3 Nh7 21. Qh4 Ndf6 22. Ng5 Nxg5 23. Qxg5 Nh7 24. Qg4 Qe7 25. Rf3 Ng5 26. Qxg5 1-0

[Event "Martesana-ch"]
[Site "Cologno Monzese"]
[Date "2010.05.21"]
[Round "1"]
[White "Montagner, Enzo"]
[Black "Moreschi, Mauro"]
[Result "0-1"]
[WhiteElo "1495"]
[BlackElo "1917"]
[PlyCount "72"]
[EventDate "2010.05.21"]
[EventType "swiss"]
[EventRounds "7"]
[EventCountry "ITA"]
[SourceTitle "EXT 2024"]
[Source "ChessBase"]
[SourceDate "2023.10.10"]
[SourceVersion "1"]
[SourceVersionDate "2023.10.10"]
[SourceQuality "1"]

1. d4 b5 2. c4 bxc4 3. e3 d5 4. Nc3 Nf6 5. b3 Ba6 6. bxc4 dxc4 7. Nf3 e6 8. Ne5 Bd6 9. Nxc4 0-0 10. Bd3 Bxc4 11. Bxc4 Nbd7 12. 0-0 Nb6 13. Bd3 c5 14. dxc5 Bxc5 15. Qc2 Qe7 16. Ne4 Nbd7 17. Bb2 e5 18. Nxc5 Nxc5 19. Ba3 Rfc8 20. Rac1 Nfd7 21. Bf5 Qe8 22. Qd2 Ne6 23. Be4 Rxc1 24. Rxc1 Rc8 25. Bc6 Nef8 26. Bxf8 Kxf8 27. Rc2 Qe6 28. Bd5 Rxc2 29. Qb4+ Qe7 30. Qxe7+ Kxe7 31. g3 Nb6 32. Bb3 Rb2 33. Kg2 a5 34. e4 a4 35. Bd5 Nxd5 36. exd5 Kd6 0-1

[Event "Milan Crespi op-B 29th"]
[Site "Milan"]
[Date "2008.12.08"]
[Round "7"]
[White "Regorda, Massimiliano"]
[Black "Moreschi, Mauro"]
[Result "0-1"]
[WhiteElo "1898"]
[BlackElo "1866"]
[PlyCount "100"]
[EventDate "2008.12.05"]
[EventType "swiss"]
[EventRounds "7"]
[EventCountry "ITA"]
[SourceTitle "EXT 2010"]
[Source "ChessBase"]
[SourceDate "2010.11.25"]
[SourceVersion "1"]
[SourceVersionDate "2010.11.25"]
[SourceQuality "1"]

1. e4 d6 2. d4 Nf6 3. Nc3 e5 4. dxe5 dxe5 5. Qxd8+ Kxd8 6. Bg5 Be6 7. 0-0-0+ Bd6 8. Nf3 Ke7 9. Nb5 a6 10. Nxd6 cxd6 11. Bd3 Nbd7 12. Nd2 h6 13. Bh4 g5 14. Bg3 Nc5 15. f3 Nxd3+ 16. cxd3 Rac8+ 17. Kb1 Rc7 18. Bf2 Nd7 19. h4 g4 20. d4 gxf3 21. gxf3 f6 22. d5 Bf7 23. Rhg1 Nc5 24. Bxc5 Rxc5 25. Nb3 Rc7 26. Rc1 Rhc8 27. Rxc7+ Rxc7 28. Rg7 Kf8 29. Rg2 Bh5 30. Rf2 Bg6 31. Nd2 Rc5 32. Nb3 Rxd5 33. Kc2 Rb5 34. Kc3 d5 35. exd5 Rxd5 36. Rd2 Rxd2 37. Kxd2 Bf7 38. Nc5 Bd5 39. Ke3 Ke7 40. a3 Kd6 41. Nd3 f5 42. f4 e4 43. Nb4 Bb3 44. Kd2 a5 45. Nc2 Bxc2 46. Kxc2 a4 47. b4 Kd5 48. Kc3 h5 49. b5 Kc5 50. b6 Kxb6 0-1

[Event "Milan Crespi op-B 29th"]
[Site "Milan"]
[Date "2008.12.06"]
[Round "3"]
[White "Moreschi, Mauro"]
[Black "Quagliarella, Sabino Remo"]
[Result "1-0"]
[WhiteElo "1866"]
[BlackElo "1978"]
[PlyCount "113"]
[EventDate "2008.12.05"]
[EventType "swiss"]
[EventRounds "7"]
[EventCountry "ITA"]
[SourceTitle "EXT 2010"]
[Source "ChessBase"]
[SourceDate "2010.11.25"]
[SourceVersion "1"]
[SourceVersionDate "2010.11.25"]
[SourceQuality "1"]

1. e4 g6 2. d4 Bg7 3. Be3 d6 4. Nc3 c6 5. Be2 Qa5 6. Qd2 Nf6 7. a3 b5 8. b4 Qc7 9. Bf3 a5 10. Nxb5 cxb5 11. e5 Ra6 12. exf6 Bxf6 13. Ne2 Bd7 14. 0-0 0-0 15. c3 Nc6 16. Nf4 e6 17. Nd3 Ne7 18. Bf4 Bc6 19. Nc5 Ra7 20. Bxc6 Qxc6 21. Bxd6 Rd8 22. Bxe7 Bxe7 23. Qe2 Rda8 24. Qb2 Bd6 25. Rfb1 a4 26. Re1 Rc8 27. Qe2 Be7 28. Qe4 Qxe4 29. Rxe4 Bg5 30. Ra2 Kg7 31. f4 Bd8 32. Rae2 Bb6 33. Kf2 Rd8 34. Kf3 Rd5 35. Re5 Rxe5 36. Rxe5 Bc7 37. Re2 Bd6 38. d5 exd5 39. Rd2 Bxc5 40. bxc5 Rd7 41. Ke3 Re7+ 42. Kd4 Re4+ 43. Kxd5 Rxf4 44. c6 Rc4 45. Kd6 Rxc3 46. c7 b4 47. Kd7 Rxa3 48. c8Q Rb3 49. Qc4 Rb1 50. Qd4+ f6 51. Rf2 a3 52. Qxf6+ Kh6 53. Rf3 Rd1+ 54. Ke6 Re1+ 55. Kf7 Kh5 56. g4+ Kxg4 57. Qf4+ 1-0

[Event "Milan Crespi op-A 28th"]
[Site "Milan"]
[Date "2007.12.05"]
[Round "1"]
[White "Papale, Carmelo"]
[Black "Moreschi, Mauro"]
[Result "1-0"]
[WhiteElo "1899"]
[BlackElo "1944"]
[PlyCount "69"]
[EventDate "2007.12.05"]
[EventType "swiss"]
[EventRounds "7"]
[EventCountry "ITA"]
[SourceTitle "EXT 2009"]
[Source "ChessBase"]
[SourceDate "2008.11.26"]
[SourceVersion "1"]
[SourceVersionDate "2008.11.26"]
[SourceQuality "1"]

1. e4 d6 2. Nf3 Nf6 3. d3 e5 4. g3 Bg4 5. Bg2 Qd7 6. h3 Bh5 7. Nbd2 Nc6 8. c3 Be7 9. Nc4 Nd8 10. Ne3 Bg6 11. Nh4 c6 12. Nef5 Bxf5 13. Nxf5 Ne6 14. 0-0 Bd8 15. d4 exd4 16. cxd4 g6 17. Re1 Ba5 18. Re2 0-0-0 19. Ne3 d5 20. Qa4 Bb6 21. exd5 cxd5 22. Qd1 Bxd4 23. Bd2 Kb8 24. Nc2 Bb6 25. a4 Ne4 26. a5 Bc7 27. Be3 f5 28. Nd4 Nxd4 29. Qxd4 b6 30. Rc2 Nc5 31. Qb4 Na6 32. Qd4 Nc5 33. axb6 axb6 34. Qb4 d4 35. Ra8# 1-0

[Event "Lugano New op 1st"]
[Site "Lugano"]
[Date "2007.05.01"]
[Round "6"]
[White "Zozulia, Anna"]
[Black "Moreschi, Mauro"]
[Result "1-0"]
[WhiteElo "2344"]
[BlackElo "1963"]
[PlyCount "47"]
[EventDate "2007.04.29"]
[EventType "swiss"]
[EventRounds "6"]
[EventCountry "SUI"]
[SourceTitle "CBM 118 Extra"]
[Source "ChessBase"]
[SourceDate "2007.07.04"]
[SourceVersion "1"]
[SourceVersionDate "2007.07.04"]
[SourceQuality "1"]

1. e4 d6 2. d4 Nf6 3. Nc3 e5 4. dxe5 dxe5 5. Qxd8+ Kxd8 6. Bg5 Be6 7. 0-0-0+ Nbd7 8. f4 exf4 9. Nf3 Be7 10. Bxf4 c6 11. a3 Ng4 12. Rd2 Bc5 13. Na4 Be3 14. Bxe3 Nxe3 15. Nc5 Kc7 16. Nxe6+ fxe6 17. Bd3 Ng4 18. Ng5 Rad8 19. Bc4 Nf8 20. Rf1 Nf6 21. e5 Nd5 22. Rf7+ Nd7 23. Rxg7 Rdg8 24. Nxe6+ 1-0

[Event "Lugano New op 1st"]
[Site "Lugano"]
[Date "2007.04.30"]
[Round "3"]
[White "Tomassoni, Leonardo"]
[Black "Moreschi, Mauro"]
[Result "0-1"]
[WhiteElo "2023"]
[BlackElo "1963"]
[PlyCount "122"]
[EventDate "2007.04.29"]
[EventType "swiss"]
[EventRounds "6"]
[EventCountry "SUI"]
[SourceTitle "CBM 118 Extra"]
[Source "ChessBase"]
[SourceDate "2007.07.04"]
[SourceVersion "1"]
[SourceVersionDate "2007.07.04"]
[SourceQuality "1"]

1. e4 d6 2. d4 Nf6 3. Nc3 e5 4. dxe5 dxe5 5. Qxd8+ Kxd8 6. Bg5 Be6 7. 0-0-0+ Nbd7 8. Nf3 Bd6 9. Bb5 Kc8 10. h3 Bc5 11. Bh4 c6 12. Bd3 Nh5 13. Ng5 Nf4 14. Nxe6 Nxe6 15. Bc4 Re8 16. Na4 Bf8 17. Be2 Be7 18. Bg3 Bg5+ 19. Kb1 Kc7 20. h4 Bh6 21. Bg4 b6 22. h5 Bg5 23. Rd3 Nec5 24. Bxd7 Nxd7 25. Rhd1 Rad8 26. f3 f6 27. Bf2 Nf8 28. Nc3 Rxd3 29. Rxd3 Ne6 30. g3 g6 31. hxg6 hxg6 32. b4 Rd8 33. Rxd8 Kxd8 34. Ne2 Bd2 35. a3 Ng5 36. Ng1 Kc7 37. c4 Bc3 38. Kc2 Bd4 39. Bxd4 exd4 40. Kd3 c5 41. f4 Nf7 42. Nf3 Kd6 43. Nh4 g5 44. Nf5+ Kd7 45. Ng7 gxf4 46. gxf4 Nh6 47. bxc5 bxc5 48. Nh5 Ng4 49. Ng3 a5 50. a4 Ke6 51. Ke2 Ne3 52. Kd3 Nd1 53. Kc2 Nc3 54. Kb3 Kd6 55. Nf5+ Kd7 56. Ng3 Ke6 57. e5 fxe5 58. fxe5 Kxe5 59. Nf1 Ke4 60. Nd2+ Ke3 61. Kc2 Nxa4 0-1

[Event "Bergamo op 1st"]
[Site "Bergamo"]
[Date "2002.07.26"]
[Round "2"]
[White "Ceresoli, Luigi"]
[Black "Moreschi, Mauro"]
[Result "1-0"]
[WhiteElo "2204"]
[BlackElo "1696"]
[PlyCount "69"]
[EventDate "2002.07.26"]
[EventType "swiss"]
[EventRounds "6"]
[EventCountry "ITA"]
[SourceTitle "EXT 2007"]
[Source "ChessBase"]
[SourceDate "2006.11.23"]
[SourceVersion "1"]
[SourceVersionDate "2006.11.23"]
[SourceQuality "1"]

1. e4 d6 2. d4 Nf6 3. Nc3 e5 4. Nf3 Nbd7 5. Bc4 h6 6. dxe5 dxe5 7. 0-0 Bd6 8. Qe2 0-0 9. Rd1 Qe7 10. Nh4 Nb6 11. Ng6 Qe8 12. Nxf8 Nxc4 13. Qxc4 Kxf8 14. Nb5 Qe7 15. Nxd6 cxd6 16. f3 Be6 17. Qd3 Ne8 18. Be3 b6 19. a4 Qc7 20. Ra3 Qc6 21. a5 b5 22. Qd2 f5 23. Qb4 f4 24. Rc3 Qb7 25. Bf2 Ke7 26. b3 Rd8 27. Rcd3 Rd7 28. g3 g5 29. Rd5 Bxd5 30. Rxd5 fxg3 31. Bxg3 a6 32. Rxe5+ Kd8 33. Rd5 Qc6 34. c3 Kc7 35. Rc5 1-0

[Event "Bresso op 2nd"]
[Site "Bresso"]
[Date "2002.06.09"]
[Round "6"]
[White "Moreschi, Mauro"]
[Black "Cardani, Roberto"]
[Result "1-0"]
[WhiteElo "1714"]
[BlackElo "1701"]
[PlyCount "91"]
[EventDate "2002.06.06"]
[EventType "swiss"]
[EventRounds "6"]
[EventCountry "ITA"]
[SourceTitle "EXT 2007"]
[Source "ChessBase"]
[SourceDate "2006.11.23"]
[SourceVersion "1"]
[SourceVersionDate "2006.11.23"]
[SourceQuality "1"]

1. e4 c5 2. Nc3 d6 3. f4 Nc6 4. Nf3 e6 5. b3 g6 6. Bb2 Bg7 7. g3 Nge7 8. Bg2 0-0 9. 0-0 d5 10. d3 b5 11. Qc1 Qb6 12. Ne2 d4 13. c3 Bb7 14. cxd4 cxd4 15. Qd2 a5 16. a3 b4 17. a4 Rfd8 18. g4 Ba6 19. g5 Rac8 20. Rac1 Rc7 21. Rc2 Nc8 22. Rfc1 Nd6 23. Ne1 Rdc8 24. Ng3 Ne7 25. Rxc7 Rxc7 26. Rxc7 Qxc7 27. Qf2 Qc5 28. Ne2 Nc6 29. e5 Nf5 30. Bxc6 Qxc6 31. Nxd4 Qd5 32. Qg2 Ne3 33. Qxd5 Nxd5 34. Ne2 Bf8 35. Bd4 Be7 36. Kf2 Kf8 37. Kg3 Bd8 38. Ba7 Bb6 39. Bxb6 Nxb6 40. Nd4 Nd7 41. Nc6 Nc5 42. Nxa5 Nxd3 43. Nxd3 Bxd3 44. Kf3 Ke8 45. Ke3 Bc2 46. Kd4 1-0

[Event "Bresso op 2nd"]
[Site "Bresso"]
[Date "2002.06.09"]
[Round "5"]
[White "Moreschi, Mauro"]
[Black "Napoli, Ferdinando"]
[Result "1-0"]
[WhiteElo "1714"]
[BlackElo "1732"]
[PlyCount "93"]
[EventDate "2002.06.06"]
[EventType "swiss"]
[EventRounds "6"]
[EventCountry "ITA"]
[SourceTitle "EXT 2007"]
[Source "ChessBase"]
[SourceDate "2006.11.23"]
[SourceVersion "1"]
[SourceVersionDate "2006.11.23"]
[SourceQuality "1"]

1. e4 c5 2. Nc3 Nc6 3. f4 g6 4. Nf3 Bg7 5. d3 d6 6. h3 Nf6 7. g4 Rb8 8. Ne2 b5 9. c3 b4 10. Bd2 Qb6 11. c4 a5 12. Rb1 Ra8 13. Bg2 Bb7 14. Ng3 a4 15. g5 Nd7 16. h4 a3 17. b3 Nd4 18. h5 Nf8 19. h6 Nxf3+ 20. Bxf3 Bd4 21. Ne2 Nd7 22. Rh3 Nb8 23. Bh1 Nc6 24. Be3 Bb2 25. Bc1 Bd4 26. Nxd4 Nxd4 27. Be3 e5 28. Bxd4 cxd4 29. fxe5 dxe5 30. Rf3 0-0 31. Rf6 Qd8 32. Qf3 Ra6 33. Ke2 Rxf6 34. Qxf6 Qxf6 35. gxf6 Rd8 36. Rf1 Rd6 37. Rf2 Bc8 38. Kf1 Rc6 39. Kg2 Bg4 40. Kg3 Bd1 41. Bg2 Ra6 42. Rf1 Be2 43. Rc1 Bxd3 44. c5 Bb5 45. Bf1 d3 46. Bxd3 Bxd3 47. Rd1 1-0